[Event "Nancy-B"]
[Site "Nancy"]
[Date "2014.03.07"]
[Round "6.2"]
[White "Ninov, Nikolai"]
[Black "Adrian, Claude"]
[Result "1-0"]
[WhiteElo "2472"]
[BlackElo "2239"]
[PlyCount "71"]
[EventDate "2014.03.05"]

1. e4 e6 2. d4 d5 3. Nc3 Bb4 4. e5 c5 5. Bd2 Nc6 6. Nb5 Bxd2+ 7. Qxd2 Nxd4 8.
Nxd4 cxd4 9. f4 Ne7 10. Nf3 Nc6 11. Nxd4 O-O 12. O-O-O Bd7 13. h4 Rc8 14. Kb1
a5 15. a3 Nxd4 16. Qxd4 b5 17. Bd3 Qe7 18. b4 $1 {[%csl Rd7]} Rc7 19. Rh3 Ra8
20. c3 Be8 21. g4 axb4 22. axb4 Rca7 23. Kc1 Ra1+ 24. Kd2 Rxd1+ 25. Kxd1 Qb7
26. Bb1 Ra1 27. Kc1 Qa8 28. Rh2 f6 29. exf6 Bg6 30. f5 exf5 31. h5 Bf7 32. gxf5
Qa3+ 33. Rb2 gxf6 34. h6 Qa6 35. Qg1+ Kf8 36. Qg7+ 1-0

[Event "Nancy-B"]
[Site "Nancy"]
[Date "2014.03.07"]
[Round "6.3"]
[White "Geller, Jakov"]
[Black "Ider, Borya"]
[Result "1/2-1/2"]
[WhiteElo "2548"]
[BlackElo "2379"]
[PlyCount "92"]
[EventDate "2014.03.05"]

1. c4 e6 2. Nc3 d5 3. d4 Nf6 4. cxd5 exd5 5. Bg5 c6 6. e3 Bf5 7. Qf3 Bg6 8.
Bxf6 Qxf6 9. Qxf6 gxf6 10. Kd2 Nd7 11. Nge2 Nb6 12. b3 Nc8 13. Nf4 Bb4 14. a3
Bd6 15. g3 Bxf4 16. gxf4 Nd6 17. Bd3 Ke7 18. Rhg1 Rhg8 19. f3 Bxd3 20. Kxd3 f5
21. Rg5 h6 22. Rg3 Rxg3 23. hxg3 Rg8 24. Ne2 Rg6 25. Rh1 Kf6 26. Rh3 Kg7 27.
Nc1 Re6 28. a4 Re8 29. Rh2 Rb8 30. Rc2 Kf6 31. Ke2 Kg6 32. Nd3 f6 33. a5 a6 34.
Nc5 Re8 35. Kd3 Re7 36. Nxa6 bxa6 37. Rxc6 Rd7 38. Rxa6 Kf7 39. Rb6 Ke7 40. a6
Rc7 41. b4 Kd7 42. b5 Rc8 43. g4 Kc7 44. Rc6+ Kd7 45. Rb6 Kc7 46. Rc6+ Kd7
1/2-1/2

[Event "Nancy-B"]
[Site "Nancy"]
[Date "2014.03.07"]
[Round "6.4"]
[White "Bellahcene, Bilel"]
[Black "Welling, Gerard"]
[Result "0-1"]
[WhiteElo "2284"]
[BlackElo "2339"]
[PlyCount "67"]
[EventDate "2014.03.05"]

1. d4 d5 2. c4 c6 3. Nf3 Nf6 4. e3 g6 5. Nc3 Bg7 6. Be2 O-O 7. O-O a6 8. Qb3
dxc4 9. Bxc4 b5 10. Be2 a5 11. Rd1 Bf5 12. Bd3 Bg4 13. a4 b4 14. Ne2 Bxf3 15.
gxf3 Nbd7 16. f4 c5 17. Bb5 cxd4 18. Nxd4 Nc5 19. Qc2 Qc8 20. Qe2 Rd8 21. f3
Rd6 22. Rb1 Nh5 23. b3 Nxf4 24. Qc2 Nfe6 25. Nxe6 Qxe6 26. Bc4 Qf5 27. e4 Qxf3
28. Bd5 Rad8 29. Bg5 Ne6 30. Rd3 Bd4+ 31. Rxd4 Nxd4 32. Qg2 Ne2+ 33. Kh1 Qxg2+
34. Kxg2 0-1

[Event "Nancy-B"]
[Site "Nancy"]
[Date "2014.03.07"]
[Round "6.5"]
[White "Le Corre, Benjamin"]
[Black "Nass, Emile"]
[Result "0-1"]
[WhiteElo "2271"]
[BlackElo "2233"]
[PlyCount "69"]
[EventDate "2014.03.05"]

1. e4 e6 2. Nc3 d5 3. Nf3 Nf6 4. e5 Nfd7 5. d4 c5 6. dxc5 Nc6 7. Bf4 Nxc5 8. h4
Qa5 9. Be2 Na4 10. O-O Nxb2 11. Qe1 Bb4 12. Bd2 Na4 13. Nxa4 Qxa4 14. Rb1 Bc5
15. Bb5 Qg4 16. Bb4 Bb6 17. a4 Bd7 18. a5 Bd8 19. Qc3 a6 20. Bxc6 Bxc6 21. Nd4
Rc8 22. Bc5 Bd7 23. Qa3 Qxh4 24. Rxb7 Be7 25. Bd6 Bxd6 26. Qxd6 Qe7 27. Qxa6
O-O 28. Qb6 Qd8 29. Ra1 Ra8 30. Qd6 Rxa5 31. Rxa5 Qxa5 32. Rb8 Re8 33. Rb7 Qa1+
34. Kh2 Qxd4 35. Rxd7 0-1

[Event "Nancy-A"]
[Site "Nancy"]
[Date "2014.03.08"]
[Round "7.1"]
[White "Rindlisbacher, Lars"]
[Black "Demuth, Adrien"]
[Result "0-1"]
[WhiteElo "2320"]
[BlackElo "2488"]
[PlyCount "62"]
[EventDate "2014.03.05"]

1. d4 Nf6 2. c4 g6 3. Nc3 d5 4. Bf4 Bg7 5. e3 c5 6. dxc5 Qa5 7. Rc1 dxc4 8.
Bxc4 O-O 9. Nf3 Nc6 10. O-O Qxc5 11. Bb3 Qa5 12. h3 Qa6 13. Ne5 Nxe5 14. Bxe5
Be6 15. Bxe6 Qxe6 16. Bd4 a6 17. Qf3 b5 18. Rfd1 Rac8 19. b3 Rfd8 20. e4 $2
Nxe4 $1 21. Bxg7 Rxd1+ 22. Rxd1 Ng5 23. Qd3 Kxg7 24. h4 Qe5 (24... Qc6 $4 25.
Nd5 $18) 25. Nd5 Ne6 26. Nxe7 $2 Rc7 27. Qd5 (27. Nd5 Rd7 $19) 27... Qe2 28.
Nf5+ gxf5 29. Rd3 f4 30. Rf3 Rc1+ 31. Kh2 Qd1 0-1

[Event "Nancy-A"]
[Site "Nancy"]
[Date "2014.03.08"]
[Round "7.2"]
[White "Brunner, Nicolas"]
[Black "Genzling, Alain"]
[Result "1-0"]
[WhiteElo "2449"]
[BlackElo "2405"]
[PlyCount "113"]
[EventDate "2014.03.05"]

1. d4 Nf6 2. c4 g6 3. Nc3 Bg7 4. e4 d6 5. Nf3 O-O 6. Be2 Na6 7. O-O e5 8. Be3
Ng4 9. Bg5 Qe8 10. dxe5 dxe5 11. h3 h6 12. Bc1 Nf6 13. Be3 Qe7 14. Nd5 Qd8 15.
Qc2 c6 16. Nxf6+ Qxf6 17. Rfd1 Kh7 18. c5 Nc7 19. Rd6 Qe7 20. Re1 Ne8 21. Rdd1
f5 22. exf5 Bxf5 23. Qb3 Be6 24. Bc4 Nc7 25. Bxe6 Nxe6 26. Rd6 Rae8 27. Nd2 b6
28. Qc2 bxc5 29. Bxc5 Nxc5 30. Qxc5 Rd8 31. Ne4 Rxd6 32. Qxd6 Qxd6 33. Nxd6 Rd8
34. Ne4 Rd4 35. f3 Rc4 36. Rd1 Rc2 37. Rd7 Rxb2 38. Nf6+ Kh8 39. Rd8+ Bf8 40.
Rd7 Bg7 41. Rd8+ Bf8 42. Rxf8+ Kg7 43. Nd7 Rd2 44. Rd8 Rd5 45. Nf8 Ra5 46. Rc8
Kf7 47. Nh7 Ra6 48. Rc7+ Ke6 49. Nf8+ Kd5 50. Rd7+ Kc4 51. Nxg6 Rxa2 52. Nxe5+
Kb5 53. Rb7+ Kc5 54. f4 Kd5 55. Rd7+ Ke4 56. Nxc6 a5 57. f5 1-0

[Event "Nancy-A"]
[Site "Nancy"]
[Date "2014.03.08"]
[Round "7.3"]
[White "Donchenko, Alexander"]
[Black "Sochacki, Christophe"]
[Result "1/2-1/2"]
[WhiteElo "2463"]
[BlackElo "2436"]
[PlyCount "122"]
[EventDate "2014.03.05"]

1. d4 Nf6 2. c4 c5 3. d5 b5 4. cxb5 a6 5. bxa6 g6 6. Nc3 Bg7 7. e4 O-O 8. Nf3
Qa5 9. Bd2 Bxa6 10. Be2 Bxe2 11. Qxe2 d6 12. a4 Ne8 13. O-O Qa6 14. Rfb1 Nc7
15. Bg5 f6 16. Bh4 Qxe2 17. Nxe2 Nba6 18. Nc3 Rfb8 19. Nd2 Rb4 20. f3 Kf7 21.
b3 f5 22. Rc1 Bh6 23. Rc2 Bxd2 24. Rxd2 Rxb3 25. Nd1 Rb4 26. Nc3 Rc4 27. Ra3
Nb4 28. Bg5 e6 29. dxe6+ Nxe6 30. Be3 Ra6 31. Kf1 f4 32. Bf2 g5 33. g3 Nd4 34.
Bxd4 cxd4 35. Nb5 d3 36. Nc3 Rac6 37. Na2 Nxa2 38. Raxa2 Rc1+ 39. Kg2 R6c2 40.
Kh3 h5 41. gxf4 Rxa2 42. Rxa2 Rc2 43. Ra1 gxf4 44. Rd1 Rc3 45. a5 Ke6 46. a6
Ra3 47. a7 Rxa7 48. Rxd3 Ra2 49. Kh4 Rxh2+ 50. Kg5 Rg2+ 51. Kxf4 Rg8 52. Rd5
Rf8+ 53. Kg3 Rg8+ 54. Kh4 Rf8 55. Rd3 Ke5 56. Kxh5 Rg8 57. Kh6 Rg3 58. Rd5+ Kf4
59. Rxd6 Rxf3 60. Rf6+ Kxe4 61. Rxf3 Kxf3 1/2-1/2

[Event "Nancy-A"]
[Site "Nancy"]
[Date "2014.03.08"]
[Round "7.4"]
[White "Nezar, Mustapha"]
[Black "Istratescu, Andrei"]
[Result "0-1"]
[WhiteElo "2392"]
[BlackElo "2672"]
[PlyCount "148"]
[EventDate "2014.03.05"]

1. e4 c5 2. Nf3 e6 3. d4 cxd4 4. Nxd4 a6 5. Nc3 Nc6 6. g3 Qb6 7. Nb3 Qc7 8. Bg2
Nf6 9. O-O d6 10. f4 Be7 11. Kh1 Nd7 12. f5 Nde5 13. Bf4 Bf6 14. Qe2 b5 15.
fxe6 fxe6 16. Qh5+ Qf7 17. Qxf7+ Kxf7 18. Bg5 Ke7 19. Bxf6+ gxf6 {[%csl Ge5]}
20. a4 b4 21. Nd1 h5 22. Ne3 h4 23. Kg1 Bb7 24. Kf2 Rag8 25. Rg1 Rg7 26. Bh1
hxg3+ 27. hxg3 Nf7 28. Bg2 Rhg8 29. Nf1 Nce5 30. Nd4 Ng5 31. Nd2 Rc8 32. Rge1
Rh7 33. Kg1 a5 34. Rac1 Bc6 35. N2b3 Bxa4 36. Nxa5 Ke8 37. b3 Ra7 38. bxa4 Rxa5
39. Ra1 Rca8 40. Rab1 Rxa4 41. Red1 Ke7 42. Nb5 Rc8 43. Nd4 Rc4 44. Rb3 Ra3 45.
Nb5 Ra6 46. Nd4 Nc6 47. Nxc6+ Raxc6 48. e5 d5 49. exf6+ Kxf6 50. Rdb1 Rxc2 51.
Rxb4 Rc1+ 52. Rxc1 Rxc1+ 53. Kf2 Rc2+ 54. Kf1 Nf7 55. Rb6 Ke5 56. Bh3 Nd6 57.
Rb3 Ne4 58. Ra3 Rc3 59. Rxc3 Nxc3 60. Kf2 Ne4+ 61. Kg2 Ng5 62. Bg4 Kd4 63. Bd1
Ke3 64. Bb3 d4 65. Ba4 e5 66. g4 e4 67. Kg3 d3 68. Kh4 Kf4 69. Bb5 Nf3+ 70. Kh5
d2 71. Be2 e3 72. Bd1 Nd4 73. g5 e2 74. Bxe2 Nxe2 0-1

[Event "Nancy-A"]
[Site "Nancy"]
[Date "2014.03.08"]
[Round "7.5"]
[White "Solodovnichenko, Yuri"]
[Black "Bukavshin, Ivan"]
[Result "1/2-1/2"]
[WhiteElo "2586"]
[BlackElo "2593"]
[PlyCount "71"]
[EventDate "2014.03.05"]

1. e4 c5 2. Nf3 e6 3. d4 cxd4 4. Nxd4 Nc6 5. Nc3 Qc7 6. Be3 a6 7. Bd3 b5 8.
Nxc6 Qxc6 9. O-O Bb7 10. a3 Nf6 11. f3 Bd6 12. Qe1 Qc7 13. Qh4 Be7 14. Qg3 Qxg3
15. hxg3 d6 16. b4 Rc8 17. Ne2 e5 18. a4 Bc6 19. axb5 Bxb5 20. c4 Bxc4 21. Rfc1
Be6 22. Rxc8+ Bxc8 23. Bxa6 Bxa6 24. Rxa6 Kd7 25. Ra7+ Ke6 26. Nc3 Rc8 27. Nd5
Bd8 28. Nxf6 Kxf6 29. Rb7 Ke6 30. Kf1 Rc2 31. b5 Rb2 32. g4 Rb1+ 33. Ke2 Rb2+
34. Kf1 Rb1+ 35. Ke2 Rb2+ 36. Kf1 1/2-1/2

[Event "Nancy-B"]
[Site "Nancy"]
[Date "2014.03.08"]
[Round "7.1"]
[White "Nass, Emile"]
[Black "Camacho Collados, Jose"]
[Result "1/2-1/2"]
[WhiteElo "2233"]
[BlackElo "2393"]
[PlyCount "123"]
[EventDate "2014.03.05"]

1. Nf3 Nf6 2. c4 g6 3. g3 Bg7 4. Bg2 O-O 5. d4 c5 6. O-O Na6 7. Nc3 d6 8. b3
Bg4 9. Bb2 Qd7 10. dxc5 Nxc5 11. Nd5 Bxf3 12. Bxf3 Nxd5 13. Bxg7 Ne3 14. fxe3
Kxg7 15. b4 Ne6 16. c5 Rad8 17. Qb3 dxc5 18. bxc5 Qd2 19. Rac1 Rc8 20. Qa3 a5
21. Bxb7 Rc7 22. Bf3 Rd8 23. c6 Ng5 24. Qc3+ f6 25. Rc2 Qxc3 26. Rxc3 e5 27. h4
Ne6 28. Be4 Rd2 29. Kf2 f5 30. Bc2 Nd8 31. Ba4 Rxa2 32. Rd1 Rxa4 33. Rxd8 Kf6
34. Rd6+ Ke7 35. Rd5 Ke6 36. Rcc5 Re4 37. Rxa5 Rxc6 38. Rac5 Rxc5 39. Rxc5 Rb4
40. Ra5 Rb7 41. Ra6+ Kf7 42. Rc6 Kg7 43. e4 fxe4 44. Re6 Rb5 45. Ke3 Kf7 46.
Ra6 Rb3+ 47. Kf2 Kg7 48. Re6 Rb5 49. Ke3 Kf7 50. Ra6 Rb3+ 51. Kf2 h5 52. Rc6
Rb1 53. Ra6 Rh1 54. Kg2 Rb1 55. Kf2 Rb7 56. Ke3 Rb2 57. Rc6 Rb3+ 58. Kf2 Rb7
59. Ke3 Rb3+ 60. Kf2 Rb7 61. Ke3 Rb3+ 62. Kf2 1/2-1/2

[Event "Nancy-B"]
[Site "Nancy"]
[Date "2014.03.08"]
[Round "7.2"]
[White "Welling, Gerard"]
[Black "Le Corre, Benjamin"]
[Result "1-0"]
[WhiteElo "2339"]
[BlackElo "2271"]
[PlyCount "87"]
[EventDate "2014.03.05"]

1. d4 Nf6 2. Nf3 g6 3. Nbd2 Bg7 (3... d5) 4. e4 d5 5. e5 Ne4 6. Bd3 Bf5 7. Nh4
e6 8. Nxf5 exf5 9. Nf3 Nc6 10. c3 O-O 11. O-O h6 12. Ne1 Qd7 13. Be3 Kh7 14. f3
Ng5 15. h4 Ne6 16. h5 Ne7 17. f4 Bh8 18. Rf3 Ng7 19. hxg6+ fxg6 20. Rh3 Ne6 21.
Nf3 Bg7 22. Kf2 Kg8 23. Qh1 Kf7 24. Rg1 Ke8 25. Rxh6 Bxh6 26. Qxh6 Qc8 27. Nh4
Kf7 28. Qh7+ Ng7 29. Nf3 Rg8 30. g4 Qf8 31. Rh1 Ke6 32. Rh6 Kd7 33. Rxg6 Nxg6
34. Qxg6 Ne6 (34... fxg4 35. Qxg4+ Ne6 36. Qh3 Rh8 $11) 35. Qxf5 Qe7 36. g5
Raf8 37. Qg4 Kc6 38. f5 Qh7 39. c4 dxc4 40. Qe4+ Kb6 41. d5+ c5 42. Qxc4 Rxf5 (
42... Kc7 43. dxe6 $18) 43. Bxf5 Qxf5 44. dxe6 1-0

[Event "Nancy-B"]
[Site "Nancy"]
[Date "2014.03.08"]
[Round "7.3"]
[White "Ider, Borya"]
[Black "Bellahcene, Bilel"]
[Result "0-1"]
[WhiteElo "2379"]
[BlackElo "2284"]
[PlyCount "84"]
[EventDate "2014.03.05"]

1. d4 Nf6 2. Nf3 e6 3. g3 b6 4. Bg2 Bb7 5. O-O Be7 6. c4 O-O 7. d5 Na6 8. Nd4
exd5 9. Nf5 c6 10. cxd5 cxd5 11. Nc3 Nc7 12. Bf4 Ne6 13. Nxd5 Nxd5 14. Bxd5
Bxd5 15. Qxd5 Nxf4 16. gxf4 Bf6 17. Rab1 Rc8 18. Qd3 d5 19. Rfd1 Qc7 20. Qg3
Rfd8 21. Rd2 Qd7 22. Ne3 d4 23. Ng4 Rc6 24. e4 Qe6 25. Qf3 Qxa2 26. Rbd1 Be7
27. e5 Rcc8 28. Qg3 Rc6 29. Qf3 Rcc8 30. Qg3 Rc6 31. f5 Kf8 32. Qh3 (32. f6
gxf6 33. Nh6) 32... Bg5 33. Rd3 h6 34. Ra3 Qxb2 35. Rxa7 Qc2 36. Rd3 Qb1+ 37.
Kg2 Rc1 38. Raa3 Rg1+ 39. Kf3 Qc1 40. Ke2 Rc8 41. Rxd4 Re1+ 42. Kf3 Qxa3+ 0-1

[Event "Nancy-B"]
[Site "Nancy"]
[Date "2014.03.08"]
[Round "7.4"]
[White "Adrian, Claude"]
[Black "Geller, Jakov"]
[Result "1/2-1/2"]
[WhiteElo "2239"]
[BlackElo "2548"]
[PlyCount "78"]
[EventDate "2014.03.05"]

1. c4 e5 2. g3 Nf6 3. Bg2 d5 4. cxd5 Nxd5 5. Nf3 Nc6 6. O-O Be7 7. d4 exd4 8.
Nxd4 Nxd4 9. Qxd4 Nf6 10. Qa4+ Qd7 11. Qxd7+ Nxd7 12. Nc3 c6 13. Rd1 Nf6 14. e4
Be6 15. h3 Nd7 16. f4 f6 17. Be3 Bc5 18. Kf2 Rd8 19. Bxc5 Nxc5 20. Rxd8+ Kxd8
21. Rd1+ Ke7 22. Ke3 a5 23. b3 h5 24. h4 Bg4 25. Bf3 Bxf3 26. Kxf3 g6 27. Ke3
Re8 28. Kd4 Ne6+ 29. Ke3 b5 30. e5 fxe5 31. fxe5 Rf8 32. Rd6 Rf5 33. Ke4 Nc5+
34. Kd4 Ne6+ 35. Ke4 b4 36. Ne2 Nc5+ 37. Kd4 Ne6+ 38. Ke4 Nc5+ 39. Kd4 Ne6+
1/2-1/2

[Event "Nancy-B"]
[Site "Nancy"]
[Date "2014.03.08"]
[Round "7.5"]
[White "Barbot, Pierre"]
[Black "Ninov, Nikolai"]
[Result "1-0"]
[WhiteElo "2413"]
[BlackElo "2472"]
[PlyCount "111"]
[EventDate "2014.03.05"]

1. d4 d5 2. Nf3 Nf6 3. e3 c5 4. c4 dxc4 5. Bxc4 e6 6. O-O a6 7. dxc5 Qxd1 8.
Rxd1 Bxc5 9. Nbd2 Nc6 10. b3 b5 11. Be2 Bb7 12. a4 bxa4 13. bxa4 O-O 14. Nb3
Bb4 15. Ba3 Bxa3 16. Rxa3 Ne4 17. Rd7 Rab8 18. Rc7 Rfc8 19. Rxb7 Rxb7 20. Bxa6
Rcb8 21. Bxb7 Rxb7 22. g3 Kf8 23. a5 Nb4 24. Nfd2 Nxd2 25. Nxd2 Na6 26. Rb3
Rxb3 27. Nxb3 Ke7 28. Kf1 Kd6 29. Ke2 Kc6 30. Nd4+ Kc5 31. Kd3 e5 32. Nf5 g6
33. Nh6 f5 34. e4 Nb4+ 35. Ke3 Nc2+ 36. Kd2 Nd4 37. exf5 gxf5 38. Ke3 Nc2+ 39.
Kd3 Nb4+ 40. Ke2 Nc6 41. a6 Nd4+ 42. Ke3 Kb6 43. f4 Nc2+ 44. Kd2 Na3 45. fxe5
Nc4+ 46. Ke2 Nxe5 47. Ke3 Ng6 48. Nxf5 Kxa6 49. Ke4 Kb5 50. Kd5 Kb4 51. h4 Kc3
52. h5 Nf8 53. Kd6 Kd3 54. Ke7 Ng6+ 55. hxg6 hxg6 56. Kf6 1-0

[Event "Nancy-A"]
[Site "Nancy"]
[Date "2014.03.08"]
[Round "8.1"]
[White "Demuth, Adrien"]
[Black "Bukavshin, Ivan"]
[Result "1/2-1/2"]
[WhiteElo "2488"]
[BlackElo "2593"]
[PlyCount "59"]
[EventDate "2014.03.05"]

1. d4 Nf6 2. c4 e6 3. Nf3 Bb4+ 4. Bd2 Qe7 5. g3 Bxd2+ 6. Qxd2 Nc6 7. Nc3 d5 8.
Ne5 dxc4 9. Nxc6 bxc6 10. Bg2 O-O 11. O-O Rb8 12. Rfd1 c5 13. d5 exd5 14. Nxd5
Nxd5 15. Bxd5 Be6 16. Bxe6 Qxe6 17. Rac1 Qf6 18. Qc3 Qxc3 19. Rxc3 Rxb2 20.
Rxc4 Rxe2 21. Rxc5 Rxa2 22. Rxc7 g6 23. Rdd7 Kg7 24. Rxa7 Rxa7 25. Rxa7 Rb8 26.
Kg2 Rb2 27. Rd7 Rb8 28. Ra7 Rb2 29. Rd7 Rb8 30. Ra7 1/2-1/2

[Event "Nancy-A"]
[Site "Nancy"]
[Date "2014.03.08"]
[Round "8.2"]
[White "Istratescu, Andrei"]
[Black "Solodovnichenko, Yuri"]
[Result "1/2-1/2"]
[WhiteElo "2672"]
[BlackElo "2586"]
[PlyCount "33"]
[EventDate "2014.03.05"]

1. c4 Nf6 2. Nc3 c5 3. Nf3 e6 4. e3 Nc6 5. d4 d5 6. a3 cxd4 7. exd4 Be7 8. Bd3
dxc4 9. Bxc4 O-O 10. O-O b6 11. Re1 Bb7 12. Ba2 Rc8 13. Qd3 Na5 14. Ne5 Nc6 15.
Nf3 Na5 16. Ne5 Nc6 17. Nf3 1/2-1/2

[Event "Nancy-A"]
[Site "Nancy"]
[Date "2014.03.08"]
[Round "8.3"]
[White "Sochacki, Christophe"]
[Black "Nezar, Mustapha"]
[Result "0-1"]
[WhiteElo "2436"]
[BlackElo "2392"]
[Annotator "S Ravot"]
[PlyCount "118"]
[EventDate "2014.03.05"]

1. e4 c5 2. Nf3 e6 3. d4 cxd4 4. Nxd4 a6 5. Nc3 b5 6. g3 Bb7 7. Bg2 Nf6 8. O-O
b4 9. Na4 Bxe4 10. Bxe4 Nxe4 11. Re1 d5 12. Qh5 Qf6 13. Be3 Qg6 14. Qe2 Nd7 15.
Nb3 Bd6 16. f3 Nef6 17. Bc5 ({Meilleur est} 17. Nac5) 17... Nxc5 18. Naxc5 O-O
19. a3 a5 20. axb4 axb4 21. Rec1 h5 22. Qd2 Rxa1 23. Rxa1 Rc8 24. Nd3 h4 25. g4
{Diagramme.} Nxg4 $1 26. fxg4 Qxg4+ 27. Kf1 Qf3+ 28. Ke1 (28. Kg1 Rc4 29. Nf2
Qf6 $1 $19) (28. Qf2 Qxf2+ 29. Nxf2 Bxh2 $19) 28... Qh1+ 29. Ke2 Qxh2+ 30. Kd1
Qg1+ 31. Qe1 Qg4+ 32. Kd2 h3 33. c3 bxc3+ 34. bxc3 Qg2+ 35. Qf2 Bf4+ 36. Kc2
Qxf2+ (36... Be3 $1 {était esthétique et efficace à la fois.}) 37. Nxf2 Be5 38.
Kd1 Rxc3 {5 pions passés liés pour la pièce ! Les Noirs sont gagnants.} 39. Nd2
Bd4 40. Nh1 g5 41. Ra4 e5 42. Nf1 {Les Cavaliers ont l'air bien pâles.} Kg7 43.
Nhg3 Kg6 44. Ra8 e4 45. Rd8 Rd3+ 46. Ke2 Be5 47. Rg8+ Kf6 48. Nh5+ Kf5 49. Kf2
Kg4 50. Ng7 Bxg7 51. Rxg7 f5 {Effrayant !} 52. Rf7 Kf4 53. Rg7 g4 54. Rg8 Ra3
55. Rg7 Ra2+ 56. Kg1 d4 57. Rg6 Ra1 58. Kf2 e3+ 59. Ke2 d3+ 0-1

[Event "Nancy-A"]
[Site "Nancy"]
[Date "2014.03.08"]
[Round "8.5"]
[White "Rindlisbacher, Lars"]
[Black "Brunner, Nicolas"]
[Result "1/2-1/2"]
[WhiteElo "2320"]
[BlackElo "2449"]
[PlyCount "79"]
[EventDate "2014.03.05"]

1. d4 d5 2. c4 c6 3. Nc3 Nf6 4. Nf3 e6 5. e3 Nbd7 6. Qc2 Bd6 7. g4 h6 8. h3 a6
9. e4 dxe4 10. Nxe4 Nxe4 11. Qxe4 c5 12. Be3 Nf6 13. Qc2 cxd4 14. Bxd4 Bb4+ 15.
Bc3 Bxc3+ 16. Qxc3 b6 17. Bg2 Bb7 18. O-O O-O 19. Rfd1 Qc7 20. Rac1 Rfd8 21. b3
Bc6 22. Qe5 Qb7 23. Qe3 Rac8 24. Ne1 Bxg2 25. Nxg2 Qc7 26. Qf3 a5 27. Ne3 Rxd1+
28. Rxd1 Rd8 29. Rxd8+ Qxd8 30. Qd1 Qc7 31. Qd4 Nd7 32. Kg2 Qc6+ 33. f3 Nc5 34.
a3 Na6 (34... Nxb3 35. Qd8+ Kh7 36. Qd3+) 35. Nc2 g6 36. h4 Nc5 37. b4 axb4 38.
axb4 Qa4 39. Qc3 Nd7 40. Ne3 {puis nulle en 69 coups.} 1/2-1/2

[Event "Nancy-B"]
[Site "Nancy"]
[Date "2014.03.08"]
[Round "8.1"]
[White "Camacho Collados, Jose"]
[Black "Ninov, Nikolai"]
[Result "0-1"]
[WhiteElo "2393"]
[BlackElo "2472"]
[PlyCount "82"]
[EventDate "2014.03.05"]

1. Nf3 c5 2. b3 Nc6 3. e4 Nf6 4. e5 Ng4 5. Bb2 d6 6. Bb5 dxe5 7. Qe2 f6 8. Ba3
Qb6 9. Nc3 a6 10. Nd5 Qa5 11. Bxc5 axb5 12. Bb6 Qa3 13. Qxb5 Kf7 14. Nc7 Qb4
15. Qxb4 Nxb4 16. Nxa8 Nxc2+ 17. Ke2 Nxa1 18. Rxa1 e4 19. Rc1 Bd7 20. Nd4 e5
21. Rc7 Ke7 22. Nc2 Ke6 23. Rxb7 Bb5+ 24. Ke1 Bd3 25. Nc7+ Kd7 26. h3 Bxc2 27.
hxg4 h5 28. g5 h4 29. Kf1 h3 30. gxh3 Rxh3 31. Nd5+ Ke6 32. Ne3 Bd3+ 33. Kg2
Rh5 34. gxf6 gxf6 35. Bc7 Be2 36. Rb6+ Kf7 37. Nd5 Bf3+ 38. Kg3 Bg7 39. Rb7 Ke6
40. Bd8 Rg5+ 41. Kh4 Kxd5 0-1

[Event "Nancy-B"]
[Site "Nancy"]
[Date "2014.03.08"]
[Round "8.2"]
[White "Geller, Jakov"]
[Black "Barbot, Pierre"]
[Result "1-0"]
[WhiteElo "2548"]
[BlackElo "2413"]
[Annotator "SR"]
[PlyCount "51"]
[EventDate "2014.03.05"]

1. e4 c5 2. Nf3 d6 3. d4 cxd4 4. Nxd4 Nf6 5. Nc3 Nc6 6. Bg5 Qb6 7. Nb3 e6 8.
Qd2 a6 9. Be2 Bd7 10. a4 Na5 11. Nxa5 Qxa5 12. O-O Rc8 13. Bf3 Bc6 14. Rfe1 Be7
15. Rad1 O-O $6 ({Meilleur est} 15... Qb6) 16. Nd5 $1 Qd8 (16... Qxd2 $4 17.
Nxe7+) 17. Nxe7+ Qxe7 {Les Blancs ont gagné la paire de Fous et affaibli le
pion d6.} 18. b3 Rfd8 19. c4 h6 20. Bh4 Rd7 21. h3 Rdd8 22. a5 Rd7 23. Qb2 Qd8
$2 {Ce n'est pas flagrant à première vue, mais ce coup perd la partie !} (23...
Rdd8 24. b4 e5 $14) 24. b4 Ba4 (24... b5 25. axb6 Qxb6 26. Rxd6 $1 $16) 25. Ra1
Bc6 (25... b5 26. axb6 Bc6 27. c5 $18) 26. b5 1-0

[Event "Nancy-B"]
[Site "Nancy"]
[Date "2014.03.08"]
[Round "8.3"]
[White "Bellahcene, Bilel"]
[Black "Adrian, Claude"]
[Result "1-0"]
[WhiteElo "2284"]
[BlackElo "2239"]
[PlyCount "43"]
[EventDate "2014.03.05"]

1. Nf3 Nf6 2. c4 e6 3. g3 a6 4. Bg2 b5 5. b3 c5 6. Nc3 Qb6 7. O-O Bb7 8. Re1 d5
9. cxd5 exd5 10. e4 dxe4 11. Nh4 Nbd7 12. d3 O-O-O 13. dxe4 Bd6 14. Be3 Ne5 15.
Qe2 Bc7 16. Rec1 Nd3 17. Rd1 Nb4 18. Nf5 g6 19. Ne7+ Kb8 20. a3 Nc6 21. Ned5
Nxd5 22. Nxd5 {Cette victoire permet à Bilel Bellahcene d'obtenir sa 2e norme
de MI une ronde avant la fin.} (22. Nxd5 Qa7 23. Nxc7 Kxc7 24. Bf4+ Kb6 25. b4
$18) 1-0

[Event "Nancy-B"]
[Site "Nancy"]
[Date "2014.03.08"]
[Round "8.4"]
[White "Le Corre, Benjamin"]
[Black "Ider, Borya"]
[Result "1/2-1/2"]
[WhiteElo "2271"]
[BlackElo "2379"]
[Annotator "SR"]
[PlyCount "126"]
[EventDate "2014.03.05"]

1. e4 e6 2. d4 d5 3. Nc3 Bb4 4. a3 Bxc3+ 5. bxc3 dxe4 6. Qg4 Nf6 7. Qxg7 Rg8 8.
Qh6 Nbd7 9. Ne2 b6 10. Ng3 Bb7 11. Be2 Qe7 12. Qh4 O-O-O 13. O-O Nd5 14. Qxe7
Nxe7 15. f3 Nd5 16. fxe4 Nxc3 17. Bd3 c5 18. Bd2 cxd4 19. Rxf7 Nc5 20. Raf1
Bxe4 21. Nxe4 N5xe4 22. Bf4 Rd7 23. Rxd7 Kxd7 24. Bxe4 Nxe4 25. Rd1 Kc6 26.
Rxd4 Nc5 27. c4 Nb7 28. Be3 e5 29. Rh4 Nd6 30. Bd2 a5 31. Bc1 Rg7 32. Kf2 Nf5
33. Rh5 Rf7 34. Ke2 Nd6 35. Rh6 a4 36. Be3 Rg7 37. g3 Rg6 38. Rxg6 hxg6 39. Kd3
b5 40. cxb5+ Nxb5 41. Bc1 Nd6 42. g4 Kd5 43. h4 Ne4 44. h5 Nf2+ 45. Kc3 Nxg4
46. hxg6 Ke6 47. Kb4 Kf6 48. Kxa4 Kxg6 49. Kb5 {Gagnant selon les tables de
Nalimov. Une finale à analyser.} Kf7 50. a4 Ke7 51. Kb6 Kd7 52. Kb7 e4 53. a5
Ne5 54. a6 Nc6 55. Bd2 Nd8+ 56. Kb6 Nc6 57. Bf4 e3 58. Bxe3 Kc8 59. Bf4 Nb4 60.
a7 Nd5+ 61. Kc6 Nb4+ 62. Kb5 Kb7 63. Kxb4 Kxa7 1/2-1/2

[Event "Nancy-B"]
[Site "Nancy"]
[Date "2014.03.08"]
[Round "8.5"]
[White "Nass, Emile"]
[Black "Welling, Gerard"]
[Result "0-1"]
[WhiteElo "2233"]
[BlackElo "2339"]
[Annotator "SR"]
[PlyCount "100"]
[EventDate "2014.03.05"]

1. Nf3 d5 2. c4 c6 3. b3 Bf5 4. Bb2 e6 5. e3 Nd7 6. Be2 h6 7. O-O Ngf6 8. d4
Qb8 9. Ba3 Bxa3 10. Nxa3 O-O 11. b4 a5 12. b5 c5 13. dxc5 Nxc5 14. Qd4 Qd6 15.
cxd5 Qxd5 16. Rac1 Qxa2 17. Qxc5 Qxe2 18. Nd4 Qa2 19. Ra1 Qd5 20. Qxd5 Nxd5 21.
Nxf5 exf5 22. Nc4 b6 23. Rfd1 Rac8 24. Nxa5 Nc3 25. Nc6 Nxd1 26. Ne7+ Kh7 27.
Nxc8 Rxc8 28. Rxd1 Rc5 29. Rb1 {Avec la Tour active contre la Tour passive les
Noirs ont une meilleure finale. Reste à déterminer si elle est gagnante ou non.
} Kg6 30. Kf1 Kf6 31. Ke1 Ke6 32. Kd2 Kd5 33. Kd3 h5 34. f3 Rc4 35. g3 g6 36.
Rb2 Rc1 37. Rf2 Kc5 38. e4 fxe4+ 39. fxe4 Rd1+ 40. Kc3 Rd7 41. Rb2 Rd4 42. Rf2
Rxe4 43. Rxf7 Re6 44. g4 hxg4 45. Rf4 g3 46. h4 Re3+ 47. Kd2 g2 48. Rg4 Ra3 49.
Rg5+ Kb4 50. Kc2 Ra1 0-1

[Event "Nancy-A"]
[Site "Nancy"]
[Date "2014.03.09"]
[Round "9.4"]
[White "Solodovnichenko, Yuri"]
[Black "Sochacki, Christophe"]
[Result "0-1"]
[WhiteElo "2586"]
[BlackElo "2436"]
[PlyCount "70"]
[EventDate "2014.03.05"]

1. e4 c5 2. Nf3 d6 3. d4 cxd4 4. Nxd4 Nf6 5. Nc3 g6 6. Be3 Bg7 7. f3 O-O 8. Bc4
Nc6 9. Qd2 Bd7 10. h4 h5 11. O-O-O Rc8 12. Bb3 Ne5 13. Bh6 Nc4 14. Bxc4 Rxc4
15. Bxg7 Kxg7 16. Kb1 Qa5 17. Nb3 Qe5 18. Rhe1 Qg3 19. Qg5 Qxg5 20. hxg5 Nh7
21. Nd5 Re8 22. Na5 Ra4 23. Nb3 Nxg5 24. Ne3 Be6 25. Nc1 h4 26. b3 Ra5 27. Nd5
h3 28. Nc7 Rh8 29. Nxe6+ Nxe6 30. g3 h2 31. Rh1 Ng5 32. Rdf1 f5 33. b4 Rb5 34.
a3 fxe4 35. c4 Nxf3 $1 0-1